[Event "Tirnavia-C"]
[Site "Trnava"]
[Date "1988.??.??"]
[Round "6"]
[White "Szymczak, Zbigniew"]
[Black "Tichy, Vladimir"]
[Result "1/2-1/2"]
[WhiteElo "2335"]
[BlackElo "2370"]

1.d4 Nf6 2.c4 e6 3.Nf3 b6 4.Nc3 Bb7 5.a3 d5 6.cxd5 exd5 7.g3 Be7 8.Qa4+ c6
9.Bg2 O-O 10.O-O Nbd7 11.Bf4 c5 12.Rfd1 a6 13.dxc5 bxc5 14.Ne5 Nb6 15.Qc2 Qc8
16.Rac1 d4 17.Ne4 Nxe4 18.Bxe4 Bxe4 19.Qxe4 Qe6 20.Qc6 Rac8 21.Qxe6 fxe6
22.Nc4 Nd5 23.Bd6 Bxd6 24.Nxd6 Rc6 25.Nc4 Rb8 26.e3 dxe3 27.fxe3 Nf6 28.Rd3 Kf8
29.Rcd1 Ke7 30.Kg2 Rc7 31.Rd6 Rd7 32.Rxd7+ Nxd7 33.Kf3 Nf6 34.Rd3 Rb7 35.h3 Rb8
36.Rd6 Rxb2 37.Rxa6 Rb7 38.Ra8 Kd7 39.g4 g5 40.Rf8 Ke7 41.Rc8 Nd7 42.Rg8 Kf6
43.Nd6 Ra7 44.Ne4+ Kf7 45.Rxg5 c4 46.Rb5 Kg6 47.h4 Rxa3 48.Rg5+ Kf7 49.Nd6+ Kf6
50.Nxc4 Ra4 51.Nd6 Ne5+ 52.Kg3 Ng6 53.Rc5 Ne7 54.Kf3 Nd5 55.Ne4+ Ke5 56.Nc3 Ra3
57.Nxd5 exd5 58.h5 h6 59.Rb5 Ra6 60.Rb4 Rf6+ 61.Rf4 Ra6 62.Rf5+ Ke6 63.Rf8 Ke5
64.Re8+ Kf6 65.Rh8 Kg7 66.Rd8 Ra5 67.Rd6 Rb5 68.Rg6+ Kh7 69.Re6 Kg7 70.Re7+ Kg8
71.Kf4 Rb3 72.Kf5 Ra3 73.Kf6 Ra4 74.Re5 Ra3 75.Ke6 Rd3 76.Kf5 Ra3 77.Kf6 Rb3
78.Re8+ Kh7 79.Re7+ Kg8 80.Kf5 Ra3 81.Kf4 Rb3 82.Rd7 Rd3 83.Kf3 Rd2 84.Kf4 Rd3
85.Re7 Ra3 86.Re5 Rd3 87.Re6 Kg7 88.Rg6+ Kh7 89.Ra6 Kg7 90.Ra4 Rb3 91.Rd4 Rb5
92.Rd3 Kf6 93.Ra3 Rb4+ 94.Kf3 Rb5 95.Ra7 Rb3 96.Rd7 Ke5 97.Rh7 d4 98.Rxh6 Rxe3+
99.Kf2 Kf4 100.Rg6 Re7 101.Kg2 d3 102.Rd6  1/2-1/2

[Event "Tirnavia-B"]
[Site "Trnava"]
[Date "1988.??.??"]
[Round "12"]
[White "Vokac, Marek"]
[Black "Rozentalis, Eduardas"]
[Result "1/2-1/2"]
[WhiteElo "2410"]
[BlackElo "2520"]

1.d4 e6 2.c4 Nf6 3.Nf3 b6 4.Nc3 Bb4 5.Bg5 Bb7 6.e3 h6 7.Bh4 g5 8.Bg3 Ne4
9.Qc2 Bxc3+ 10.bxc3 d6 11.Bd3 Nxg3 12.fxg3 Nd7 13.O-O Qe7 14.Be4 Bxe4 15.Qxe4 O-O
16.Qc6 Nf6 17.Nd2 Kg7 18.Qf3 Rae8 19.Rf2 Ng8 20.Re1 f5 21.Rfe2 e5 22.Qc6 Nf6
23.Rf1 exd4 24.cxd4 Qd7 25.Qxd7+ Nxd7 26.Nb1 c5 27.Rfe1 Nf6 28.Nc3 Ne4 29.Nd5 Rc8
30.Ne7 Rce8 31.Nd5 Rf7 32.a4 Rc8 33.Rc2 Nf6 34.Nxf6 Kxf6 35.Rd1 Re8 36.Kf2 Rfe7
37.dxc5 dxc5 38.Rd3 Re4 39.Kf3 R8e6 40.Rcc3 Ke7 41.Rd5 R4e5 42.Rxe5 Rxe5
43.g4 Ke6 44.gxf5+ Rxf5+ 45.Ke2 g4 46.a5 Rh5 47.axb6 axb6 48.Rb3 Rxh2 49.Rxb6+ Ke5
50.Kf2 Rh5 51.Kg3 Ke4 52.Re6+ Kd3 53.Kxg4 Rg5+ 54.Kf3 h5 55.Re4 Rf5+ 56.Rf4 Re5
57.Kf2  1/2-1/2

[Event "URS-ch otbor56"]
[Site "Uzhgorod"]
[Date "1988.??.??"]
[Round "?"]
[White "Ionov, Sergey"]
[Black "Basin, Leonid"]
[Result "1/2-1/2"]
[WhiteElo "2360"]
[BlackElo "2350"]

1.d4 Nf6 2.c4 e6 3.Nf3 b6 4.Nc3 Bb7 5.a3 g6 6.d5 Bg7 7.g3 O-O 8.Bg2 Na6 9.O-O Nc5
10.Nd4 exd5 11.cxd5  1/2-1/2

[Event "URS-ch otbor56"]
[Site "Uzhgorod"]
[Date "1988.??.??"]
[Round "?"]
[White "Ionov, Sergey"]
[Black "Balashov, Yuri S"]
[Result "1/2-1/2"]
[WhiteElo "2360"]
[BlackElo "2540"]

1.d4 Nf6 2.c4 e6 3.Nf3 b6 4.Nc3 Bb7 5.a3 g6 6.d5 Bg7 7.e4 O-O 8.Bd3 d6 9.O-O Nbd7
10.Re1 Re8 11.Bg5 h6 12.Bd2 exd5 13.cxd5 c6 14.dxc6 Bxc6 15.Qc2 Nc5 16.Rad1 Rc8
17.Qb1 d5 18.exd5 Nxd5 19.Bc4 Nxc3 20.Bxc3 Rxe1+ 21.Rxe1 Bxc3 22.bxc3 Kf8
23.Qc1 Kg7 24.Ne5 Be8 25.Qe3 h5 26.f4 Qf6 27.Bd5 Nd7 28.c4 Nxe5 29.fxe5 Qe7
30.Kh1 Bd7 31.Qf4 Be6 32.h3 Rc5 33.Qf3 b5 34.Bxe6 Qxe6 35.cxb5 Rxb5 36.Qf4 a5  1/2-1/2

[Event "Hoogovens-B"]
[Site "Wijk aan Zee"]
[Date "1988.??.??"]
[Round "?"]
[White "Flear, Glenn C"]
[Black "Riemersma, Liafbern"]
[Result "1/2-1/2"]
[WhiteElo "2460"]
[BlackElo "2420"]

1.d4 Nf6 2.c4 e6 3.Nf3 b6 4.Nc3 Bb7 5.Bg5 h6 6.Bh4 g5 7.Bg3 Nh5 8.e3 Bg7
9.Be5 Nf6 10.h3 d6 11.Bh2 Nbd7 12.Bd3 a6 13.Qe2 Qe7 14.Bc2 O-O 15.Rd1 b5
16.cxb5 axb5 17.Nxb5 Rxa2 18.Nxc7 Rb8 19.Nb5 Ba6 20.Bd3 e5 21.dxe5 dxe5 22.O-O e4
23.Bxb8 exd3 24.Qxd3 Qb4 25.Bd6 Qxb5 26.Qxb5 Bxb5 27.Ra1 Rxb2 28.Rfb1 Rxb1+  1/2-1/2

[Event "Hoogovens-B"]
[Site "Wijk aan Zee"]
[Date "1988.??.??"]
[Round "?"]
[White "Flear, Glenn C"]
[Black "Winants, Luc"]
[Result "1-0"]
[WhiteElo "2460"]
[BlackElo "2465"]

1.d4 Nf6 2.c4 e6 3.Nf3 b6 4.Nc3 Bb7 5.Bg5 Be7 6.Qc2 c5 7.dxc5 bxc5 8.e3 d6
9.Be2 O-O 10.O-O Nbd7 11.Rfd1 Qb6 12.Rd2 Rfd8 13.Rad1 a6 14.Bf4 Nf8 15.Ng5 Ne8
16.Bd3 g6 17.Nf3 Rac8 18.Be4 Bxe4 19.Nxe4 Qc6 20.Nc3 Nd7 21.b3 Nb6 22.e4 Nc7
23.a4 Ne8 24.e5 d5 25.a5 d4 26.axb6 dxc3 27.Qxc3 Qxb6 28.h3 Qc6 29.Rxd8 Rxd8
30.Rxd8 Bxd8 31.Qd3 Bb6 32.Ng5 a5 33.Qe4 Qxe4 34.Nxe4 Nc7 35.Nf6+ Kg7 36.Nd7 Ba7
37.Bd2 Na6 38.Bxa5 g5 39.g4 Kg6 40.Kf1 h5 41.Ke2 hxg4 42.hxg4 f5 43.exf6 Bb8  1-0

[Event "Hoogovens-B"]
[Site "Wijk aan Zee"]
[Date "1988.??.??"]
[Round "?"]
[White "Flear, Glenn C"]
[Black "Ligterink, Gert"]
[Result "1-0"]
[WhiteElo "2460"]
[BlackElo "2455"]

1.d4 Nf6 2.c4 e6 3.Nf3 b6 4.Nc3 Bb4 5.Bg5 Bb7 6.e3 h6 7.Bh4 Bxc3+ 8.bxc3 d6
9.Nd2 Nbd7 10.f3 Qe7 11.e4 e5 12.Bd3 c5 13.Nf1 cxd4 14.cxd4 exd4 15.Ng3 Qe5
16.Ne2 O-O 17.O-O Rac8 18.Bf2 Ba6 19.Bxd4 Qa5 20.Rc1 Ne5 21.Ng3 b5 22.f4 Nxd3
23.Bxf6 Nxc1 24.Qg4 g6 25.f5 g5 26.Bxg5 Kh7 27.Qh5  1-0

[Event "Zuerich op"]
[Site "Zuerich"]
[Date "1988.??.??"]
[Round "1"]
[White "Huss, Andreas"]
[Black "Suess, M."]
[Result "1-0"]
[WhiteElo "2360"]
[BlackElo "2150"]

1.d4 Nf6 2.Nf3 e6 3.c4 b6 4.Nc3 Bb4 5.Qb3 a5 6.a3 a4 7.Qc2 Bxc3+ 8.bxc3 Bb7
9.e3 d6 10.Bd3 Qe7 11.O-O Bxf3 12.gxf3 Ra5 13.Kh1 Rh5 14.Rg1 O-O 15.Rg3 Ne8
16.Bd2 f5 17.Rag1 Rf6 18.Qxa4 Rfh6 19.R1g2 Nd7 20.Qa8 Qf8 21.Qc8 Qf7 22.Rxg7+ Qxg7
23.Qxe8+ Nf8 24.Rxg7+ Kxg7 25.Qe7+ Kg8 26.Kg1 Rxh2 27.Kf1 Rg6 28.Qxc7 h5
29.Qxd6 Rh1+ 30.Ke2 h4 31.c5 bxc5 32.dxc5 e5 33.Bc4+ Kh7 34.Qe7+ Rg7 35.Qxf8 h3
36.Qxf5+ Kh8 37.Qf8+ Kh7 38.Bd3+  1-0

[Event "Albacete"]
[Site "Albacete"]
[Date "1989.??.??"]
[Round "7"]
[White "Bellon Lopez, Juan Manuel"]
[Black "Visier Segovia, Fernando"]
[Result "1-0"]
[WhiteElo "2470"]
[BlackElo "2335"]

1.d4 Nf6 2.c4 e6 3.Nf3 b6 4.Nc3 Bb7 5.Bg5 Be7 6.Qc2 d5 7.e3 O-O 8.O-O-O Nbd7
9.h4 c5 10.cxd5 exd5 11.Kb1 Ne4 12.Nxe4 dxe4 13.Nd2 cxd4 14.exd4 Rc8 15.Qa4 Bxg5
16.hxg5 Bc6 17.Bb5 Bxb5 18.Qxb5 Re8 19.Qf5 g6 20.Qd5 Nf8 21.Nxe4 Qxd5 22.Nf6+ Kg7
23.Nxd5 Re2 24.Ne3 Rxf2 25.d5 Re2 26.Rhe1 Rxe1 27.Rxe1 f6 28.Ng4 fxg5 29.Re7+ Kh8
30.Nf6  1-0

[Event "Alicante op"]
[Site "Alicante"]
[Date "1989.??.??"]
[Round "?"]
[White "Hernandez, Roman"]
[Black "Villavicencio, Adalberto"]
[Result "1-0"]
[WhiteElo "2435"]
[BlackElo "2325"]

1.d4 Nf6 2.Nf3 e6 3.c4 b6 4.Nc3 Bb7 5.a3 g6 6.e3 Bg7 7.Be2 O-O 8.b4 d6 9.O-O c5
10.Bb2 Qe7 11.Rb1 Rd8 12.Ba1 cxd4 13.exd4 Nbd7 14.Re1 Rac8 15.Bf1 Nh5 16.d5 e5
17.Nb5 a6 18.Na7 Rc7 19.Nd4 Nb8 20.b5 Bxd5 21.cxd5 Rxa7 22.Nc6 Nxc6 23.bxc6 Qc7
24.a4 Rb8 25.Bc3 Nf6 26.Re2 h5 27.Reb2 Bf8  1-0

[Event "Alma-Ata"]
[Site "Alma-Ata"]
[Date "1989.??.??"]
[Round "9"]
[White "Temirbaev, Serik"]
[Black "Douven, Rudy C"]
[Result "1/2-1/2"]
[WhiteElo "2390"]
[BlackElo "2445"]

1.d4 Nf6 2.c4 e6 3.Nf3 b6 4.Nc3 Bb7 5.a3 d5 6.cxd5 Nxd5 7.Qc2 Be7 8.Bd2 Nxc3
9.Bxc3 Qd5 10.e3 Nd7 11.Bd3 Nf6 12.Bb4 Bd6 13.h3 O-O 14.O-O Rac8 15.Rfd1 a5
16.Bf1 Qh5 17.Qe2 Ne4 18.Ne5 Qxe2 19.Bxe2 Rfd8 20.Nc4 Be7 21.Rac1 Bd5 22.f3 Nd6
23.Ne5 Bg5 24.f4 Bf6 25.Bf3 Bxf3 26.gxf3 Nf5 27.Bd2 Ne7 28.Kf2 Kf8 29.Ke2 Ke8
30.Be1 g6 31.Rc2 Bxe5 32.fxe5 c6 33.Rdc1 Rc7 34.Bh4 Rdc8 35.e4 Kd7 36.Bg5 h6
37.Bxh6 Rh8 38.Bg5 Rxh3 39.Bxe7 Kxe7 40.d5 exd5 41.exd5 Rh2+ 42.Ke3 Rxc2
43.Rxc2 Kd7 44.Kd4 a4 45.Rc3 cxd5 46.Kxd5 Ra7 47.Ke4  1/2-1/2

[Event "Bad Orb op"]
[Site "Bad Orb"]
[Date "1989.??.??"]
[Round "?"]
[White "Eperjesi, Laszlo"]
[Black "Joecks, Christian"]
[Result "1/2-1/2"]
[WhiteElo "2375"]
[BlackElo "2310"]

1.d4 Nf6 2.Nf3 e6 3.c4 b6 4.Nc3 Bb4 5.e3 Ne4 6.Bd2 Bxc3 7.Bxc3 Bb7 8.Rc1 O-O
9.Be2 d6 10.O-O Nd7 11.Nd2 Ndf6 12.Nxe4 Nxe4 13.Bf3 Qe7 14.Be1 a5 15.Bxe4 Bxe4
16.f3 Bb7  1/2-1/2

[Event "Bad Woerishofen op"]
[Site "Bad Woerishofen"]
[Date "1989.??.??"]
[Round "?"]
[White "Lalic, Bogdan"]
[Black "Kohlweyer, Bernd"]
[Result "0-1"]
[WhiteElo "2525"]
[BlackElo "2365"]

1.d4 Nf6 2.Nf3 e6 3.c4 b6 4.Nc3 Bb7 5.Bg5 Bb4 6.e3 Bxc3+ 7.bxc3 Qe7 8.Bd3 d6
9.e4 h6 10.Bxf6 Qxf6 11.O-O Nd7 12.Qa4 Qe7 13.Ne1 O-O 14.Nc2 c5 15.f4 cxd4
16.cxd4 e5 17.fxe5 dxe5 18.d5 Nc5 19.Qa3 Bc8 20.Ne3 Bd7 21.Bc2 Qd6 22.Qc3 Rac8
23.Qe1 Nb7 24.Rf3 Qc5 25.Qh4 Nd6 26.Bb3 f6 27.Rd1 b5 28.cxb5 Bxb5 29.Rg3 Kh7
30.Qg4 Rc7 31.Kh1 Qb4 32.h3 Kh8 33.Bc2 Rg8 34.Kh2 Bd7 35.Qh4 Rc3 36.Rf1 Kh7
37.Qh5 Be8 38.Qg4 Bf7 39.Rff3 Qc5 40.Bb3 h5 41.Qd7 Qc7 42.Qxd6 Qxd6 43.Nf5 Rxf3
44.Nxd6 Rxg3 45.Kxg3 Bg6 46.Kf3 Rb8 47.h4 Kg8 48.Ke3 Rb4 49.Nc4 a5 50.Nxa5 Rxe4+
51.Kf3 Kf8 52.g3 Rd4 53.Nc6 Rd3+  0-1

[Event "Bayamo"]
[Site "Bayamo"]
[Date "1989.??.??"]
[Round "2"]
[White "Garcia Gonzales, Guillermo"]
[Black "Vilela, Jose Luis"]
[Result "1/2-1/2"]
[WhiteElo "2515"]
[BlackElo "2405"]

1.d4 Nf6 2.c4 e6 3.Nf3 b6 4.Nc3 Bb4 5.Bd2 Bb7 6.e3 O-O 7.Be2 c5 8.O-O cxd4
9.exd4 Be7 10.Rc1 d5 11.cxd5 Nxd5 12.Ne5  1/2-1/2

[Event "Belfort op"]
[Site "Belfort"]
[Date "1989.??.??"]
[Round "1"]
[White "Komljenovic, Davor"]
[Black "Barbier, T."]
[Result "1-0"]
[WhiteElo "2465"]
[BlackElo "1790"]

1.d4 Nf6 2.c4 e6 3.Nf3 b6 4.Nc3 Bb4 5.Bg5 h6 6.Bh4 Bb7 7.e3 g5 8.Bg3 Ne4
9.Qc2 Bxc3+ 10.bxc3 Nxg3 11.hxg3 d6 12.Bd3 Nd7 13.Be4 Bxe4 14.Qxe4 Rc8 15.Qb7 c5
16.Nd2 Qc7 17.Qxc7 Rxc7 18.Ke2 Ke7 19.g4 Nf6 20.f3 Rcc8 21.a4 cxd4 22.cxd4 d5
23.Rac1 h5 24.cxd5 Rxc1 25.Rxc1 Nxd5 26.gxh5 Rxh5 27.Rc8 Rh2 28.Kf2 Rh1 29.Nf1 f5
30.g3 Kd6 31.e4 fxe4 32.fxe4 Ne7 33.Rd8+ Kc7 34.Re8 Kd6 35.Kg2 Rh7 36.Ne3 Nc6
37.Nc4+ Kd7 38.Ra8 Rh6 39.d5 exd5 40.exd5 Ne7 41.Ne5+  1-0

[Event "GMA-qual"]
[Site "Belgorod"]
[Date "1989.??.??"]
[Round "?"]
[White "Khenkin, Igor"]
[Black "Karpman, Vadim"]
[Result "0-1"]
[WhiteElo "2415"]
[BlackElo "2480"]

1.d4 Nf6 2.Nf3 e6 3.c4 b6 4.Nc3 Bb7 5.a3 g6 6.Bf4 Bg7 7.e3 O-O 8.Rc1 d6 9.h3 Nbd7
10.Bh2 Nh5 11.Be2 f5 12.O-O e5 13.dxe5 dxe5 14.c5 Kh8 15.cxb6 axb6 16.g4 fxg4
17.hxg4 Nhf6 18.Nxe5 Qe7 19.Nxd7 Nxd7 20.e4 Nc5 21.f3 Be5 22.Bc4 h5 23.Qd2 Bxh2+
24.Qxh2 Kg7 25.Nd5 Bxd5 26.Bxd5 Ra7 27.Qd2 Qd6 28.Qd4+ Kh7 29.e5 Qd8 30.gxh5 Nb3
31.hxg6+ Kg7 32.Qe3 Qxd5 33.Rc2 Nd4 34.Rh2 Nf5 35.Qg5 Qd4+ 36.Kh1 Qxe5 37.Rh7+ Kg8
38.Rg1 Qd5 39.Qh5 Qe5 40.Rd7 Ng3+ 41.Rxg3 Qxh5+ 42.Kg2 Qc5 43.g7 Re8 44.Rh3 Qc2+
45.Kg3 Qg6+ 46.Kf2 Re2+  0-1

[Event "GMA-qual"]
[Site "Belgorod"]
[Date "1989.??.??"]
[Round "?"]
[White "Piskov, Yury"]
[Black "Arbakov, Valentin"]
[Result "1-0"]
[WhiteElo "2400"]
[BlackElo "2400"]

1.d4 Nf6 2.Nf3 e6 3.c4 b6 4.Nc3 Bb4 5.Bg5 Bb7 6.e3 h6 7.Bh4 g5 8.Bg3 Ne4
9.Qc2 f5 10.Bd3 O-O 11.O-O Bxc3 12.bxc3 d6 13.d5 exd5 14.Nd4 Qf6 15.cxd5 Bxd5
16.Nxf5 Nxg3 17.Nxg3 Nd7 18.f4 Nc5 19.e4 Bb7 20.e5 dxe5 21.Nh5 Qe7 22.fxe5 Kh8
23.Rae1 Rad8 24.Rxf8+ Qxf8 25.e6 Qe7 26.Bc4 Nd7 27.Qg6 Nf8 28.Qf6+ Qxf6 29.Nxf6  1-0

[Event "Biel op"]
[Site "Biel"]
[Date "1989.??.??"]
[Round "8"]
[White "Fauland, Alexander"]
[Black "Gast, Jonathan"]
[Result "1-0"]
[WhiteElo "2455"]
[BlackElo "2295"]

1.d4 Nf6 2.Nf3 e6 3.c4 b6 4.Nc3 Bb7 5.Bg5 Bb4 6.e3 Bxc3+ 7.bxc3 Qe7 8.Be2 Qa3
9.Bxf6 Qxc3+ 10.Nd2 gxf6 11.O-O Rg8 12.Bf3 d5 13.cxd5 exd5 14.Rc1 Qb4 15.Rxc7  1-0

[Event "Noviki-B"]
[Site "Budapest"]
[Date "1989.??.??"]
[Round "?"]
[White "Orgovan, Sandor"]
[Black "Casagrande, Harald"]
[Result "0-1"]
[WhiteElo "2340"]
[BlackElo "2365"]

1.d4 Nf6 2.Nf3 e6 3.c4 b6 4.Nc3 Ba6 5.e4 d5 6.cxd5 Bxf1 7.Kxf1 exd5 8.e5 Ne4
9.Nxe4 dxe4 10.Ng5 Qd5 11.Qg4 Nc6 12.Qxe4 Qxe4 13.Nxe4 Nxd4 14.Be3 Nc2 15.Rd1 Nxe3+
16.fxe3 Be7 17.Ke2 h5 18.Rhf1 Rd8 19.Rxd8+ Bxd8 20.Rf5 h4 21.Kf3 Rh6 22.Nc3 g6
23.Rf4 Rh5 24.Ke4 c6 25.Ne2 Bc7 26.Kd3 Bxe5 27.Ra4 a5 28.b4 Bxh2 29.bxa5 Rxa5
30.Rxh4 Ra3+ 31.Ke4 Rxa2 32.Nd4 Rxg2 33.Nxc6 Bd6 34.Kd5 Rd2+ 35.Nd4 Bc5 36.Rh8+ Ke7
37.Rb8 f5 38.Rb7+ Kf6 39.Kc4 Bxd4 40.exd4 f4 41.Kd5 f3 42.Ke4 f2 43.Rxb6+ Kg5
44.Rb1 Kg4 45.Ke3 Ra2 46.d5 Kg3 47.d6 Ra7 48.Ke2  0-1

[Event "Spring op"]
[Site "Budapest"]
[Date "1989.??.??"]
[Round "?"]
[White "Shirov, Alexei"]
[Black "Gosic, Bogdan"]
[Result "0-1"]
[WhiteElo "2450"]
[BlackElo "2290"]

1.d4 Nf6 2.c4 e6 3.Nf3 b6 4.Nc3 Bb4 5.Bg5 Bb7 6.Qc2 h6 7.Bh4 g5 8.Bg3 Ne4
9.Be5 Bxc3+ 10.bxc3 Nf6 11.Nd2 d6 12.Bg3 Nc6 13.f3 Qe7 14.e4 O-O-O 15.Bf2 Nh5
16.Nb3 f5 17.exf5 exf5+ 18.Kd2 Qf7 19.Bd3 Rhf8 20.Rhe1 Nf4 21.Bf1 Ba6 22.Bg3 Bxc4
23.Bxc4 Qxc4 24.Bxf4 gxf4 25.Re2 Kb7 26.Rae1 Rf6 27.Nc1 Na5 28.Nd3 c5 29.Re7+ Kb8
30.Re8 Rf8 31.Rxf8 Rxf8 32.dxc5 dxc5 33.Kc1 Nc6 34.Qd2 Kb7 35.Ne5 Nxe5 36.Rxe5 Rd8
37.Qc2 Rd3 38.Kb2 Re3 39.Rxe3 fxe3 40.Qxf5 e2 41.Qd7+ Ka6 42.Qd2 Qe6 43.Qe1 Qe3
44.Kc2 c4 45.f4 b5 46.a3 Qd3+ 47.Kc1 Qe3+ 48.Kc2 Ka5 49.f5 Ka4  0-1

[Event "Spring op"]
[Site "Budapest"]
[Date "1989.??.??"]
[Round "?"]
[White "Vaisser, Anatoli"]
[Black "Joecks, Christian"]
[Result "1-0"]
[WhiteElo "2525"]
[BlackElo "2310"]

1.d4 Nf6 2.c4 e6 3.Nf3 b6 4.Nc3 Bb4 5.Bg5 Bb7 6.e3 h6 7.Bh4 Bxc3+ 8.bxc3 d6
9.Nd2 Nbd7 10.f3 Qe7 11.e4 O-O 12.Bd3 e5 13.O-O Qe6 14.Re1 Nh5 15.Nf1 Nf4
16.Ne3 Qg6 17.Bg3 Qg5 18.Nd5 Bxd5 19.Bxf4 Qxf4 20.cxd5 h5 21.Qc1 Qf6 22.Qe3 g5
23.g3 Qg7 24.Kh1 Kh7 25.Rg1 Rg8 26.f4 Nf6 27.fxe5 dxe5 28.h3 Nd7 29.Raf1 f6
30.Qf3 Kh6 31.Bb5 Rgf8 32.Qf5 Rad8 33.Bxd7 Qxd7 34.Qxd7 Rxd7 35.dxe5 Re7
36.e6 Kg6 37.Rf5  1-0

[Event "Spring op"]
[Site "Budapest"]
[Date "1989.??.??"]
[Round "?"]
[White "Vyzmanavin, Alexey"]
[Black "Kishnev, Sergey"]
[Result "0-1"]
[WhiteElo "2550"]
[BlackElo "2375"]

1.d4 Nf6 2.c4 e6 3.Nf3 b6 4.Nc3 Bb7 5.a3 d5 6.cxd5 Nxd5 7.Qc2 Nxc3 8.bxc3 Be7
9.e3 O-O 10.Bd3 Kh8 11.Qe2 c5 12.O-O Nc6 13.Bb2 Qc7 14.e4 Rad8 15.Rad1 Na5
16.Rfe1 Bf6 17.h4 e5 18.h5 Nc6 19.d5 Na5 20.h6 gxh6 21.c4 Rg8 22.Qe3 Rg6
23.g3 Nb3 24.Kg2 Nd4 25.Rh1 Nxf3 26.Qxf3 Bc8 27.Qe3 h5 28.Kf1 Bg4 29.Ra1 Rdg8
30.a4 Qd6 31.Bc3 Bg5 32.f4 Bf6 33.f5 Bxf5 34.exf5 Rxg3 35.Qe2 e4 36.Qxe4 Bxc3
37.f6 Qxf6+  0-1

[Event "Elekes mem"]
[Site "Budapest"]
[Date "1989.??.??"]
[Round "?"]
[White "Schoen, Wolfram"]
[Black "Sher, Miron N"]
[Result "0-1"]
[WhiteElo "2405"]
[BlackElo "2460"]

1.d4 Nf6 2.c4 e6 3.Nf3 b6 4.Nc3 Bb7 5.Bg5 Be7 6.e3 h6 7.Bf4 O-O 8.Bd3 c5
9.O-O cxd4 10.exd4 d5 11.cxd5 Nxd5 12.Bg3 Nd7 13.Rc1 N7f6 14.Re1 Bd6 15.Ne5 Rc8
16.Bb1 Nxc3 17.Rxc3 Bb4 18.Rxc8 Qxc8 19.Re2 Rd8 20.Rc2 Qa8 21.f3 Bc5 22.Rd2 Be7
23.Qe2 Rc8 24.Rd1 a5 25.Qb5 Qa6 26.Qb3 a4 27.Qe3 Qb5 28.Re1 Bb4 29.Nxf7 Kxf7
30.Qxe6+ Kf8 31.Bd6+ Bxd6 32.Qxd6+ Kg8  0-1

[Event "Buenos Aires BCA op"]
[Site "Buenos Aires"]
[Date "1989.??.??"]
[Round "7"]
[White "Soppe, Guillermo"]
[Black "Cid, Marino Alejandro"]
[Result "1/2-1/2"]
[WhiteElo "2425"]
[BlackElo "2285"]

1.d4 Nf6 2.Nf3 e6 3.c4 b6 4.Nc3 Bb7 5.a3 Ne4 6.Nxe4 Bxe4 7.Bf4 Be7 8.e3 O-O
9.Bd3 f5 10.Bxe4 fxe4 11.Nd2 d5 12.cxd5 exd5 13.Qb3 Kh8 14.Rc1 c6 15.Bxb8  1/2-1/2

[Event "Cannes op"]
[Site "Cannes"]
[Date "1989.??.??"]
[Round "?"]
[White "Eperjesi, Laszlo"]
[Black "Wilder, Michael"]
[Result "1/2-1/2"]
[WhiteElo "2375"]
[BlackElo "2540"]

1.d4 Nf6 2.Nf3 e6 3.c4 b6 4.Nc3 Bb4 5.e3 Bb7 6.Bd3 O-O 7.Bd2 d5 8.cxd5 exd5
9.O-O Nbd7 10.Ne5 Nxe5 11.dxe5 Nd7 12.f4 Nc5 13.Be2 d4 14.Nb5 Bxd2 15.Qxd2 d3
16.Bf3 Bxf3 17.gxf3 a5 18.Kh1 Qd7 19.Nc3 Rad8 20.Rad1 f6 21.exf6 Rxf6 22.e4 Kh8
23.f5 Qf7 24.Rg1 c6  1/2-1/2

[Event "Cheliabinsk"]
[Site "Cheliabinsk"]
[Date "1989.??.??"]
[Round "?"]
[White "Sherbakov, Ruslan"]
[Black "Timoshenko, Georgy"]
[Result "0-1"]
[WhiteElo "2360"]
[BlackElo "2530"]

1.d4 Nf6 2.Nf3 e6 3.c4 b6 4.Nc3 Bb7 5.a3 d5 6.cxd5 Nxd5 7.Bd2 Nd7 8.Qc2 N5f6
9.Bf4 Bd6 10.Bxd6 cxd6 11.Nb5 Ke7 12.Nd2 a6 13.Nc3 b5 14.e4 Qb6 15.Qd3 e5
16.Nf3 Rhe8 17.dxe5 dxe5 18.Be2 Kf8 19.O-O Nc5 20.Qe3 Qa7 21.Rad1 Ncxe4 22.Nxe4 Qxe3
23.fxe3 Bxe4 24.Rd6 Red8 25.Rxd8+ Rxd8 26.Nxe5 Rd2 27.Bf3 Bxf3 28.Rxf3 Rxb2
29.g4 Ke7 30.Nc6+ Kd6 31.Nd8 Nxg4 32.Rxf7 Rb1+ 33.Kg2 Nxe3+ 34.Kf3 Rb3 35.Ke4 Nc4
36.Nb7+ Kc6 37.Nd8+ Kb6 38.Rxg7 Rh3 39.a4 bxa4 40.Rb7+ Kc5 41.Ne6+ Kd6 42.Nd4 a3
43.Ra7 Rh4+ 44.Kd3 Ne5+ 45.Ke3 Rxd4 46.Rxa6+ Nc6 47.Rxa3 Rh4 48.Ra2 Ne5  0-1

[Event "Chianciano tt"]
[Site "Chianciano"]
[Date "1989.??.??"]
[Round "?"]
[White "Farago, Ivan"]
[Black "Rigo, Janos"]
[Result "1-0"]
[WhiteElo "2495"]
[BlackElo "2385"]

1.d4 Nf6 2.c4 e6 3.Nf3 b6 4.Nc3 d5 5.Bg5 Be7 6.e3 O-O 7.Be2 Bb7 8.Bxf6 Bxf6
9.cxd5 exd5 10.b4 c6 11.O-O Nd7 12.Qb3 a6 13.a4 Re8 14.a5 b5 15.Rac1 g6 16.Nd1 Bg7
17.Nb2 Nf6 18.Nd3 Ne4 19.Rc2 Nd6 20.Nc5 Bc8 21.Qc3 Bf5 22.Bd3 Bxd3 23.Qxd3 Nc4
24.Nd2 Bf8 25.Ndb3 Ra7 26.Re2 f5 27.f3 Rae7 28.Rfe1 Bh6 29.e4 dxe4 30.fxe4 fxe4
31.Rxe4 Rxe4 32.Rxe4 Be3+ 33.Kh1 Rxe4 34.Qxe4 Qf8 35.Qf3 Qe8 36.Qf6 Bg5 37.Qe6+ Qxe6
38.Nxe6 Be7 39.Nec5 Kf7 40.Nxa6 Ke6 41.Nac5+ Kd5 42.Nd7 Kd6 43.Nbc5 Kc7 44.Kg1 Bxc5
45.Nxc5 Ne3 46.Kf2 Nc2 47.Nd3 Nxd4 48.Ke3 Ne6 49.Nf4 Nf8 50.Kd4 Nd7 51.Nd3 Kd6
52.g3 Nf6 53.Nc5 Nd5 54.a6 Nb6 55.a7 Na8 56.Ne4+ Kc7 57.Kc5 Nb6 58.Nd6 Nd7+
59.Kd4 Nb6 60.Ke5 Na8 61.Ne4 Kb7 62.Kd6 Nc7 63.Nc5+ Kb6 64.Ne6 Na8 65.Nd4 Kxa7
66.Kxc6  1-0

[Event "Midwest Masters op"]
[Site "Chicago"]
[Date "1989.??.??"]
[Round "3"]
[White "Ginsburg, Mark"]
[Black "Karklins, Andrew"]
[Result "1-0"]
[WhiteElo "2405"]
[BlackElo "2310"]

1.Nf3 Nf6 2.d4 e6 3.c4 b6 4.Nc3 Bb7 5.Bg5 Bb4 6.e3 h6 7.Bh4 g5 8.Bg3 Ne4
9.Nd2 Nxc3 10.bxc3 Bxc3 11.Rc1 Bxd2+ 12.Qxd2 d6 13.h4 Nd7 14.c5 bxc5 15.dxc5 Nxc5
16.Qb2 O-O 17.hxg5 Be4 18.gxh6 f6 19.f3 Bh7 20.Bc4 Kh8 21.Bh4 e5 22.e4 Rg8
23.Kf1 Rg6 24.Bf2 Qf8 25.Be3 Rb8 26.Qc3 Bg8 27.h7 Bxc4+ 28.Qxc4 Rb2 29.Rh2 Rb8
30.g4 Qe7 31.Bxc5 dxc5 32.Qxc5 Qxc5 33.Rxc5 Rb1+ 34.Kg2 Rg7 35.Rh6 Rb6 36.Kg3 Ra6
37.Kh4 Rb6 38.Ra5 a6 39.Rc5 Rd6 40.a4 Rb6 41.a5 Rd6 42.Kg3 Rf7 43.Rh1 Rdd7
44.Rc6 Rd6 45.Rxd6 cxd6 46.Rh6 Rf8 47.Kh4 Rd8 48.Rxf6 Kxh7 49.g5 Kg7 50.Kg4 d5
51.exd5 Rxd5 52.Rxa6 Rd4+ 53.Kh5 Rd3 54.Ra7+ Kf8 55.g6 Rd1 56.Rf7+ Kg8 57.a6 Ra1
58.a7 Ra6 59.Rb7  1-0

[Event "US op"]
[Site "Chicago"]
[Date "1989.??.??"]
[Round "9"]
[White "Colias, Billy"]
[Black "Browne, Walter S"]
[Result "0-1"]
[WhiteElo "2230"]
[BlackElo "2535"]

1.d4 Nf6 2.c4 e6 3.Nf3 b6 4.Nc3 Bb4 5.Bg5 Bb7 6.e3 h6 7.Bh4 Bxc3+ 8.bxc3 d6
9.Nd2 g5 10.Bg3 Qe7 11.h4 Rg8 12.hxg5 hxg5 13.Be2 Nc6 14.Qa4 O-O-O 15.O-O-O Na5
16.Rh2 Ne4 17.Nxe4 Bxe4 18.c5 dxc5 19.dxc5 Rxd1+ 20.Bxd1 Bd5 21.cxb6 axb6
22.Qb4 Qd7 23.Ba4 Bc6 24.Bb3 Rd8 25.Qd4 Qe7 26.Rh8 Nxb3+ 27.axb3 Qa3+ 28.Kc2 Qa2+
29.Kc1 Be8 30.Qe5 Qd2+ 31.Kb1 Qd1+ 32.Kb2 Rd2+ 33.Ka3 Qa1+ 34.Kb4 c5+  0-1

[Event "CUB-ch"]
[Site "?"]
[Date "1989.??.??"]
[Round "5"]
[White "Garcia Gonzales, Guillermo"]
[Black "Sieiro Gonzalez, Luis"]
[Result "1/2-1/2"]
[WhiteElo "2515"]
[BlackElo "2395"]

1.d4 Nf6 2.c4 e6 3.Nf3 b6 4.Nc3 Bb7 5.a3 d5 6.cxd5 Nxd5 7.e3 Be7 8.Bb5+ c6
9.Bd3 c5 10.e4 Nxc3 11.bxc3 O-O 12.O-O cxd4 13.cxd4  1/2-1/2

[Event "Edinburgh op"]
[Site "Edinburgh"]
[Date "1989.??.??"]
[Round "?"]
[White "Condie, Mark L"]
[Black "Cullip, Stephen"]
[Result "1-0"]
[WhiteElo "2450"]
[BlackElo "2285"]

1.d4 Nf6 2.Nf3 b6 3.c4 e6 4.Nc3 Bb4 5.Qb3 c5 6.Bg5 Nc6 7.e3 h6 8.Bh4 g5 9.Bg3 Ne4
10.Bd3 Bxc3+ 11.bxc3 Nxg3 12.hxg3 d6 13.Be4 Bd7 14.Bxc6 Bxc6 15.d5 Bd7 16.dxe6 Bxe6
17.Rd1 Qe7 18.e4 f5 19.e5 g4 20.Nh4 O-O-O 21.Ng6 Qg7 22.Nxh8 Qxe5+ 23.Kd2 Qxh8
24.Kc1 Qg8 25.Rd2 Qg7 26.Kb2 Kc7 27.Re1 Bd7 28.Rde2 Qf8 29.Qd1 Re8 30.Rxe8 Bxe8
31.Qe2 Bc6 32.Qe7+ Qxe7 33.Rxe7+ Kb8 34.Re6 Kc7 35.Rxh6 Bxg2 36.Rh7+ Kb8
37.Rd7 Bf1 38.Kb3 Bd3 39.Rxd6 Be4 40.Rd7 a5 41.Kb2 Kc8 42.Rf7 Bd3 43.a3 Bxc4
44.Rxf5 Kd7 45.f3 gxf3 46.Rxf3 Ke6 47.Rf4 Bd3 48.Kc1 Kd5 49.Kd2 c4 50.Rd4+ Ke5
51.Rxd3  1-0

[Event "Edinburgh op"]
[Site "Edinburgh"]
[Date "1989.??.??"]
[Round "?"]
[White "Morrison, Graham"]
[Black "Milligan Scott, Helen"]
[Result "1-0"]
[WhiteElo "2340"]
[BlackElo "2035"]

1.d4 Nf6 2.c4 e6 3.Nf3 b6 4.Nc3 Bb7 5.a3 d5 6.cxd5 Nxd5 7.Qc2 Nxc3 8.bxc3 Nd7
9.e4 c5 10.Bf4 Be7 11.Bd3 O-O 12.O-O Rc8 13.Qe2 Nf6 14.Rfd1 cxd4 15.cxd4 Rc3
16.Bd2 Rxa3 17.Rxa3 Bxa3 18.Ra1 Qe7 19.Bg5 h6 20.Bh4 g5 21.Nxg5 hxg5 22.Bxg5 e5
23.Qf3 Kg7 24.Rxa3 a5 25.Rb3 Rc8 26.Rxb6 Rc6 27.Rxc6 Bxc6 28.Qh3  1-0

[Event "Eger op"]
[Site "Eger"]
[Date "1989.??.??"]
[Round "?"]
[White "Meszaros, Andras"]
[Black "Kuporosov, Viktor"]
[Result "1/2-1/2"]
[WhiteElo "2370"]
[BlackElo "2445"]

1.Nf3 Nf6 2.c4 b6 3.d4 e6 4.Nc3 Bb4 5.e3 Bb7 6.Bd3 O-O 7.O-O d5 8.Bd2 dxc4
9.Bxc4 Nbd7 10.Qe2 c5 11.Rad1 cxd4 12.exd4 Rc8 13.Bd3 Bxc3 14.bxc3 Qc7 15.Rfe1 Rfd8
16.Ne5 Nxe5 17.dxe5 Qc6 18.f3 Nd5 19.Qe4 f5 20.exf6 Nxf6 21.Qe2 Qc5+ 22.Kh1 Bd5
23.Be3 Qxc3 24.Bd4 Qb4 25.Bb1 Rc7  1/2-1/2